| 000 | 00991nam a2200289 i 4500 | ||
|---|---|---|---|
| 001 | 11347 | ||
| 003 | KOSZ 005 | ||
| 005 | 20191015092511.0 | ||
| 008 | 031020s1968 pl g d 000 0 pol | ||
| 015 | _aPB 1968/1980 | ||
| 040 |
_aWA N _cKOSZ 005/RW _dKOSZ 005/RW _dKOSZ 005/HR |
||
| 046 | _k1968 | ||
| 080 | _a811.511.141:811.162.1'374 | ||
| 245 | 0 | 0 |
_aSłownik węgiersko-polski / _cred. Jan Reychman. |
| 246 | 1 | 3 | _aMagyar-lengyel szótár. |
| 260 |
_aWarszawa : _bWiedza Powszechna, _c1968. |
||
| 300 |
_aLIII, [3], 1247, [1] s. ; _c25 cm. |
||
| 380 | _aKsiążki. | ||
| 388 | _a1901-2000 | ||
| 510 | 4 |
_aEstr XIX wyd. 2 _ct. 9 s. 35. |
|
| 655 | 4 | _aSłowniki węgiersko-polskie | |
| 658 | _aJęzykoznawstwo | ||
| 700 | 1 |
_aReychman, Jan _d(1910-1975). _eRedakcja |
|
| 710 | 2 |
_aPaństwowe Wydawnictwo Wiedza Powszechna _4pbl. |
|
| 856 |
_uhttp://koha.tu.koszalin.pl/cgi-bin/koha/opac-detail.pl?biblionumber=11347 _yKatalog online BPK |
||
| 942 |
_2UKD _cKS |
||
| 999 |
_c11347 _d11347 |
||